Central Library OPAC University of Rajshahi

Chronology and documentary handbook of the State of Vermont / (Record no. 28703)

MARC details
000 -LEADER
fixed length control field 01145nam a2200325 a 4500
001 - CONTROL NUMBER
control field 28703
003 - CONTROL NUMBER IDENTIFIER
rucl marc code BD-RjUL
005 - DATE AND TIME OF LATEST TRANSACTION
control field 20211209051323.0
008 - FIXED-LENGTH DATA ELEMENTS--GENERAL INFORMATION
fixed length control field 140331s1979 nyu j b 001 0deng
020 ## - INTERNATIONAL STANDARD BOOK NUMBER
International Standard Book Number 0379161702
035 ## - SYSTEM CONTROL NUMBER
System control number (BD-RjUL)28785
040 ## - CATALOGING SOURCE
Original cataloging agency LC
Language of cataloging eng
Transcribing agency LC
Modifying agency NNCU:A
-- BD-RjUL
041 ## - LANGUAGE CODE
Language code of text/sound track or separate title eng
082 00 - DEWEY DECIMAL CLASSIFICATION NUMBER
Classification number 974.300202
Author mark and year CHR 1979
245 00 - TITLE STATEMENT
Title Chronology and documentary handbook of the State of Vermont /
Statement of responsibility, etc. Robert I. Vexler, State editor.
246 3# - VARYING FORM OF TITLE
Title proper/short title Vermont, a chronology & documentary handbook
260 ## - PUBLICATION, DISTRIBUTION, ETC. (IMPRINT)
Place of publication, distribution, etc. Dobbs Ferry, N.Y. :
Name of publisher, distributor, etc. Oceana Publications,
Date of publication, distribution, etc. 1979.
300 ## - PHYSICAL DESCRIPTION
Pagination x, 148 p. :
Illustrations ill. ;
Size 24 cm.
500 ## - GENERAL NOTE
General note Cover title: Vermont, a chronology & documentary handbook.
504 ## - BIBLIOGRAPHY, ETC. NOTE
Bibliography, etc Bibliography: p. 145-146.AND index.
651 #0 - SUBJECT ADDED ENTRY--GEOGRAPHIC NAME
Geographic name Vermont
General subdivision History
-- Chronology.
9 (RLIN) 87830
Geographic name Vermont
General subdivision Biography.
9 (RLIN) 87831
Geographic name Vermont
General subdivision History
-- Sources.
9 (RLIN) 87832
Geographic name Vermont
General subdivision History.
9 (RLIN) 70984
700 1# - ADDED ENTRY--PERSONAL NAME
Personal name Vexler, Robert I.
942 ## - ADDED ENTRY ELEMENTS (KOHA)
Source of classification or shelving scheme Dewey Decimal Classification
Koha item type Books
Holdings
Lost status Source of classification or shelving scheme Damaged status Not for loan Collection code Permanent Location Current Location Shelving location Date acquired Source of acquisition Total Checkouts Full call number Date last seen Copy number Koha item type
  Dewey Decimal Classification   Added to bundle Non-fiction Central Library, University of Rajshahi Central Library, University of Rajshahi Reading Room 22/06/1989 Asia Foundation, Gift.   974.300202 CHR 1979 31/03/2014 C-1 Books